| 000 | | | 03720nac2a22002531x 450 |
| 001 | | | 7312cbfe-f161-4635-b673-b8a2303fcffd |
| 005 | | | 20131122213515.0 |
| 100 | ## | $a | 20130529l19061906k y0rusy50 ca |
| 101 | 0# | $a | rus |
| 102 | ## | $a | RU |
| 105 | ## | $a | y z |||e| |
| 122 | 2# | $a | d19060413 |
| | $a | d19060508 |
| 200 | 1# | $a | Журналы и переписка Подготовительной комиссии для организации съезда уполномоченных дворянских обществ |
| | $j | 13 апреля - 8 мая 1906 |
| 215 | ## | $a | 78 листов |
| 251 | ## | $c | Дело |
| 300 | ## | $a | Часть текста рукописная, часть - машинописная и напечатана типографским способом |
| 330 | ## | $a | I. Материалы съездов объединенных дворянских обществ /1906-1917 гг./ |
| 461 | #0 | $1 | 001b6db1e6b-efcc-4108-961b-a8f75be6354f |
| | $1 | 2001 |
| | $a | Постоянный совет объединенных дворянских обществ |
| | $1 | 251 |
| | $c | Фонд |
| | $1 | 852 |
| | $j | 434 |
| 462 | #0 | $1 | 001376737bd-14a2-4097-a3d5-a02b2aa0e2d3 |
| | $1 | 2001 |
| | $a | Постоянный совет объединенных дворянских обществ. 1906-1917 гг. |
| | $1 | 251 |
| | $c | Опись |
| | $1 | 852 |
| | $j | 1 |
| 601 | 02 | $3 | RU\NLR\AUTH\8810165427 |
| | $a | Постоянный совет объединенных дворянских обществ |
| | $c | Петербург |
| 601 | 02 | $a | Постоянный совет объединенных дворянских обществ. Подготовительная комиссия для организации съезда уполномоченных дворянских обществ |
| 801 | #0 | $a | RU |
| | $b | GA_RF |
| 801 | #1 | $a | RU |
| | $b | НПО Опыт |
| | $c | 20130529 |
| | $2 | rusmarc |
| 801 | #2 | $a | RU |
| | $b | ПБ им. Б.Н. Ельцина |
| | $c | 20131122 |
| | $g | RCR |
| | $2 | rusmarc |
| 852 | ## | $a | ГА РФ |
| | $j | 3 |
| 937 | ## | $d | 41967646 |
| | $h | ПБ |
| 035 | ## | $a | RuPRLIB51005809 |